[Event "BRA-ch Seniors"]
[Site "Joao Pessoa"]
[Date "2012.07.27"]
[Round "1"]
[White "Pimentel, Hermano Gomes"]
[Black "Borensztajn, David"]
[Result "0-1"]
[WhiteElo "1800"]
[BlackElo "1904"]
[PlyCount "82"]
[EventDate "2012.07.27"]
[EventType "swiss"]
[EventRounds "6"]
[EventCountry "BRA"]
[SourceTitle "EXT 2014"]
[Source "ChessBase"]
[SourceDate "2013.11.20"]
[SourceVersion "1"]
[SourceVersionDate "2013.11.20"]
[SourceQuality "1"]

1. e4 c5 2. Nf3 e6 3. Nc3 a6 4. Be2 Qc7 5. a3 b5 6. d3 Bb7 7. Bg5 d6 8. Qd2 Nd7 9. 0-0 Ngf6 10. Bh4 Be7 11. h3 0-0 12. Rfe1 Rfe8 13. Bd1 Rad8 14. Bg3 e5 15. Nh2 d5 16. Bf3 d4 17. Nb1 Nb6 18. b3 Rc8 19. Ng4 Nxg4 20. Bxg4 Rcd8 21. Qe2 Bc8 22. Nd2 Bf6 23. Rf1 Be6 24. f4 exf4 25. Bxf4 Be5 26. Bxe5 Qxe5 27. Rf4 Qxf4 28. Rf1 Bxg4 29. hxg4 Qe3+ 30. Rf2 Qxe2 31. Rxe2 f6 32. Nf3 c4 33. Nh4 cxb3 34. cxb3 g6 35. Nf3 Kg7 36. Ne1 Rc8 37. Kf2 Rc3 38. Rb2 Nd7 39. Kf3 Ne5+ 40. Kf4 Nxd3+ 41. Nxd3 Rxd3 0-1